01240cam a2200325 a 450000100060000000300080000600500170001400800410003102000150007203500190008704000270010604100080013308200270014124500720016826000450024030000330028549000620031849000310038050400510041165000310046265000340049365000370052765000570056470000320062183000700065383000390072394200120076299900170077495201230079158322BD-RjUL20211209080616.0161217s2001 enka b 001 0 eng  a1840642203 a(BD-RjUL)58446 aDLCcDLCbengdBD-RjUL aeng00a307.1412223bRUR 200100aRural planning and management /cedited by Joe Morris ... [et al.]. aCheltenham :bEdward Elgar Pub.,cc2001. axl, 674 p. :bill. ;c25 cm.1 aManaging the environment for sustainable development ;v21 aElgar reference collection aIncludes bibliographical references and index. 0aRural development.9170668 0aEnvironmental policy.9171443 0aSustainable development.9173219 0aEconomic developmentxEnvironmental aspects.91732201 aMorris, Joe,d1948-9173221 0aManaging the environment for sustainable development ;v29173226 0aElgar reference collection9173223 2ddccBK c58322d58322 00102ddc40718NFICaRUCLbRUCLcReadingd2009-04-13l0o307.1412 RUR 2001r2016-12-17 00:00:00tC-1w2016-12-17yBK